000 00380nam a2200145Ia 4500
008 230917s9999||||xx |||||||||||||| ||und||
040 _e106279
_aMAIN
041 _aEnglish
082 _a005.5 M581M
100 _aWempen, Faithe
245 0 _aMicrosoft ffice 2000 professional: Fast and easy
260 _aNew Delhi
_bPublications
_c1999
300 _axxx, 831 p.
942 _cBK
999 _c123860
_d123860